Sports Quiz

Random Sports or MLB Quiz
Score 0/30 Timer 10:00
0 Plays Today
Team Pitcher % Correct
DiamondbacksRandy Johnson
92.3%
Twins*Walter Johnson
91.8%
Red Sox (2)Roger Clemens, Cy Young
88.6%
Angels (2)Chuck Finley, Nolan Ryan
83.5%
MetsTom Seaver
73%
Blue Jays (2)Roy Halladay, Dave Stieb
72.1%
CardinalsBob Gibson
69.9%
OriolesJim Palmer
68.7%
Astros (2)Joe Niekro, Roy Oswalt
67.9%
Rays (2)David Price, James Shields
67.1%
Phillies (2)Steve Carlton, Robin Roberts
66.8%
Braves*Warren Spahn
59.3%
IndiansBob Feller
57.8%
Giants*Christy Mathewson
52.1%
Cubs (3)Mordecai Brown, Charlie Root
50.7%
Team Pitcher % Correct
TigersJack Morris
50.1%
MarinersJamie Moyer
45.4%
MarlinsKevin Brown
44.7%
DodgersDon Sutton
43.5%
RockiesUbaldo Jimenez
41.1%
Nationals*Steve Rogers
31.4%
White Sox (4)Billy Pierce, Red Faber, Ed Walsh, Doc White
18.9%
RangersCharlie Hough
18.8%
BrewersTeddy Higuera
18.7%
YankeesRed Ruffing
17.2%
Athletics*Eddie Plank
15.4%
RoyalsDennis Leonard
15.3%
PadresEric Show
13.9%
PiratesWilbur Cooper
3.4%
RedsFrank Dwyer
0.9%

You're not logged in!

Compare scores with friends on all Sporcle quizzes.
OR
Log In

Sporcle TV

Today on Sporcle TV


Watch our educational content, quiz creation guides, and fun videos on Sporcle TV.

Show Comments

Extras

Top Quizzes Today


Score Distribution

Paid Content

Your Account Isn't Verified!

In order to create a playlist on Sporcle, you need to verify the email address you used during registration. Go to your Sporcle Settings to finish the process.

Report this User

Report this user for behavior that violates our Community Guidelines.

Details: